South Eastern Kenya University

Library Online Public Access Catalogue


Cambrian ocean world : (Record no. 17086)

MARC details
000 -LEADER
fixed length control field 00766nam a22002417a 4500
003 - CONTROL NUMBER IDENTIFIER
control field OSt
005 - DATE AND TIME OF LATEST TRANSACTION
control field 20181031124249.0
008 - FIXED-LENGTH DATA ELEMENTS--GENERAL INFORMATION
fixed length control field 181031b ||||| |||| 00| 0 eng d
020 ## - INTERNATIONAL STANDARD BOOK NUMBER
International Standard Book Number 9780253011824
020 ## - INTERNATIONAL STANDARD BOOK NUMBER
International Standard Book Number 9780253011886
040 ## - CATALOGING SOURCE
Original cataloging agency SEKU
050 ## - LIBRARY OF CONGRESS CALL NUMBER
Classification number QE 766
Item number .F67
100 ## - MAIN ENTRY--PERSONAL NAME
Personal name Foster, John.
245 ## - TITLE STATEMENT
Title Cambrian ocean world :
Remainder of title ancient sea life of North America /
Statement of responsibility, etc. John Foster.
260 ## - PUBLICATION, DISTRIBUTION, ETC. (IMPRINT)
Place of publication, distribution, etc. Indiana :
Name of publisher, distributor, etc. Indiana University Press,
Date of publication, distribution, etc. 2014.
300 ## - PHYSICAL DESCRIPTION
Extent 416 p. :
Other physical details ill.
504 ## - BIBLIOGRAPHY, ETC. NOTE
Bibliography, etc Includes bibliographical references and index.
650 ## - SUBJECT ADDED ENTRY--TOPICAL TERM
Topical term or geographic name as entry element Marine animals, Fossil
Geographic subdivision North America
650 ## - SUBJECT ADDED ENTRY--TOPICAL TERM
Topical term or geographic name as entry element Paleontology
Geographic subdivision North America
650 ## - SUBJECT ADDED ENTRY--TOPICAL TERM
Topical term or geographic name as entry element Cambrian geological period
Geographic subdivision North America
650 ## - SUBJECT ADDED ENTRY--TOPICAL TERM
Topical term or geographic name as entry element Animals, Fossil
Geographic subdivision North America
942 ## - ADDED ENTRY ELEMENTS (KOHA)
Source of classification or shelving scheme Library of Congress Classification
Koha item type General circulation
Holdings
Withdrawn status Lost status Source of classification or shelving scheme Damaged status Not for loan Home library Current library Shelving location Date acquired Source of acquisition Total Checkouts Full call number Barcode Date last seen Price effective from Koha item type
    Library of Congress Classification     Main Campus Library Main Campus Library General Stacks 31/10/2018 Donation- Book Aid   QE 766 .F67 2018/020411 31/10/2018 31/10/2018 General circulation
Kitui, Kenya.
+254736116989
library@seku.ac.ke